000 00454nam a2200145Ia 4500
008 100122s9999 xx 000 0 und d
082 _b5926
_a808.809
100 _aनिरंतर ग भा
245 _aग्रंथाच्या सहवासात
260 _c1924
300 _a60
630 _aग्रंथाच्या सहवासात
730 _aग्रंथाच्या सहवासात
942 _cBOOK
999 _c399095
_d399092